| 000 | 00571nam a2200205Ia 4500 | ||
|---|---|---|---|
| 008 | 100315s9999 xx 000 0 und d | ||
| 040 | _cENGLISH | ||
| 082 |
_b5490 _a352.48 |
||
| 100 | _aGovt. of India | ||
| 245 | _aKey Features of Budget 2006-2007 | ||
| 260 |
_aNew Delhi _bGovt. Of India _c2006 |
||
| 365 |
_eRupees _d1 _b0.00 |
||
| 366 | _f0 | ||
| 505 | _gTushar Jadhav | ||
| 620 | _aAnnual Budget | ||
| 630 | _aKey Features of Budget 2006-2007 | ||
| 650 | _aBudget | ||
| 730 | _aKey Features of Budget 2006-2007 | ||
| 942 | _cBOOK | ||
| 999 |
_c480225 _d480222 |
||